| 000 | 02003pam a2200301 a 4500 | ||
|---|---|---|---|
| 001 | 3923280 | ||
| 003 | OSt | ||
| 005 | 20210920153532.0 | ||
| 008 | 920612s1993 cau b 001 0 eng | ||
| 010 | _a 92022670 | ||
| 020 | _a1558152083 | ||
| 040 |
_aDLC _cCO-JMCR _dDLC |
||
| 041 | 0 |
_aeng _hspa |
|
| 082 | 0 | 0 |
_a338.983 / _bH117p _223 |
| 100 | 1 |
_aHachette, Dominique., _eauthor _940646 |
|
| 240 | 1 | 0 |
_aPrivatización en Chile. _lEnglish |
| 245 | 1 | 0 |
_aPrivatization in Chile : _ban economic appraisal / _cby Dominique Hachette and Rolf Lüders. |
| 260 |
_aSan Francisco, California : _bICS Press, _c1993. |
||
| 300 |
_axiv, 284 pages ; _c23 cm. |
||
| 500 | _a"An International Center for Economic Growth publication." | ||
| 504 | _aIncludes bibliographical references (p. 271-273) and index. | ||
| 505 | 0 | _aThe economic framework, 1973-1989. -- The ideological and economic objectives of privatization process. -- Effects of privatization on governament revenues and wealth. -- Effects of privatization on the capital market, savings and investment, and employment. -- Are private and public enterprieses different?. -- Two polemic cases of privatization in Chile. -- Two polemic cases of partifipation in 1970, 1973, 1983 and 1989. | |
| 520 | 0 | _aBetween 1974 and 1989 Chile undertook a massive and controversial privatization program, transferring some 550 state-owned enterprises to the private sector. Privatization in Chile cuts through the assumptions and biases of both supporters and opponents of privatization to measure what the program has really meant for employment levels, efficiency, equity, and other indicators of economic well-being. For developing countries pursuing privatization, this detailed analysis of the Chilean experience offers lessons that can mean the difference between success and failure. | |
| 650 | 1 | 4 |
_aPrivatization _zChile. _940647 |
| 650 | 2 | 4 |
_aGovernment business enterprises _zChile. _940648 |
| 700 | 1 |
_aLüders, Rolf. _eeditor _940649 |
|
| 942 |
_2ddc _cBK |
||
| 999 |
_c12480 _d12480 |
||